000 00957nas a2200301 4500
001 BR2010005294
003 BR-BrBNA
005 20231205114337.0
007 ta
008 230509b bl.|||p| |||| 00| 00por d
040 _aBR-BrBNA
_bpor
_cBiblioteca Nacional de Agricultura
041 _a(Pt)
072 _aF03; F60
100 1 _aVeiga, A.D.
100 1 _aPinho, E.V. de R. von
100 1 _aPereira, P.H. de A.R.
100 1 _aOliveira, K.C. de
100 1 _aPinho, R.G. von
245 1 _aInfluência do potássio e da calagem na composição química, qualidade fisiológica e na atividade enzimática de sementes de soja
650 _aSOJA
650 _aNUTRIENTE
650 _aQUALIDADE
650 _aSEMENTE
650 _aCOMPOSIÇÃO QUÍMICA
773 0 _tCiência e Agrotecnologia (Brazil)
_xISSN 1413-7054
_g(Jul-Aug 2010), v.34(4) p. 953-960
_wBR2010005294
909 _a202311
_bLúcia
_c55
_dLúcia Elande
942 _2AGRIS
_n0
_cANA
999 _c208321
_d208321